| 000 | 01066cam a22001814a 4500 | ||
|---|---|---|---|
| 999 |
_c6262 _d6262 |
||
| 020 | _a0471172235 (paper : alk. paper) | ||
| 022 | _a9780471172239 | ||
| 050 | 0 | 0 |
_aQA76 _b.H665 |
| 100 | 1 | _aHorstmann, Cay S., | |
| 245 | 1 | 0 |
_aComputing concepts with Java essentials / _cCay S. Horstmann. |
| 260 |
_aNew York : _bJ. Wiley, _c1998. |
||
| 300 |
_axvi, 624 p. : _bill. ; _c24 cm. _e+ 1 computer laser optical discs (4 3/4 in.) |
||
| 500 | _aIncludes index. | ||
| 505 | _aCh. 1. Introduction -- Ch. 2. Fundamental Data Types -- Ch. 3. Objects -- Ch. 4. Decisions -- Ch. 5. Functions -- Ch. 6. Iteration -- Ch. 7. Testing and Debugging -- Ch. 8. Classes -- Ch. 9. Arrays, Vectors, and Matrices -- Ch. 10. Files -- Ch. 11. Packages -- Ch. 12. Algorithms -- Ch. 13. An Introduction to Data Structures -- Ch. 14. Inheritance and Polymorphism -- App. A1. Java Language Coding Guidelines -- App. A2. Java Language Summary -- App. A3. Moving from Java to C++. | ||
| 650 | 0 | _aElectronic data processing. | |
| 650 | 0 | _aJava (Computer program language) | |
| 942 | _cBK | ||